[Event "TCh-MNE 1st League"]
[Site "Tivat MNE"]
[Date "2011.10.08"]
[Round "3.1"]
[White "Pavlovic,Dej"]
[Black "Kontic,D"]
[Result "0-1"]
[WhiteElo "2430"]
[BlackElo "2316"]

1.e4 c5 2.Nf3 e6 3.d4 cxd4 4.Nxd4 Nc6 5.Nc3 a6 6.Be2 Qc7 7.O-O Nf6 8.Be3 h5
9.Nxc6 bxc6 10.f4 d5 11.e5 Ng4 12.Bxg4 hxg4 13.Qxg4 c5 14.Bf2 Bb7 15.Rfe1 g6
16.Na4 Qc6 17.b3 Be7 18.Rad1 O-O-O 19.Nb2 Rh5 20.Rd3 Rdh8 21.h3 Kb8 22.c4 d4
23.Re2 g5 24.Be1 gxf4 25.Qxf4 Bg5 26.Qg4 Bc1 27.h4 R5h6 28.Nd1 Rg6 29.Qh3 Bf4
30.Bd2 Rhg8 31.Bxf4 Rxg2+ 32.Rxg2 Rxg2+ 33.Kf1 Qe4 34.Nf2 Qxf4 35.Qxg2 Bxg2+
36.Kxg2 Qxh4 37.Rf3 Qg5+  0-1

[Event "Continental Class Ch."]
[Site "Arlington USA"]
[Date "2011.10.09"]
[Round "6"]
[White "Rozman,Levy"]
[Black "Colas,Joshua"]
[Result "1/2-1/2"]
[WhiteElo "2089"]
[BlackElo "2025"]

1.e4 c5 2.Nc3 Nc6 3.Nf3 e6 4.d4 cxd4 5.Nxd4 a6 6.g3 Bb4 7.Bg2 Nge7 8.O-O O-O
9.Be3 d6 10.Qe2 Qc7 11.f4 Nxd4 12.Bxd4 e5 13.Be3 Bxc3 14.bxc3 Qxc3 15.f5 f6
16.Rad1 Bd7 17.Rf2 Bb5 18.Qd2 Qxd2 19.Rfxd2 Nc8 20.Bf1 Bxf1 21.Kxf1 b5 22.c4 bxc4
23.Rc1 Rd8 24.Rxc4 Ne7 25.Rc7 Kf8 26.g4 Ke8 27.g5 Rac8 28.Ra7 d5 29.gxf6 gxf6
30.Rxa6 Kf7 31.exd5 Nxf5 32.Ra7+ Ke8 33.Kf2 Rd7 34.Ra6 Kf7 35.a4 Nd6 36.Ke2 f5
37.Rc6 Ra8 38.Ra2 Ne4 39.a5 f4 40.Bb6 Rxd5 41.a6 Rd6 42.Rxd6 Nxd6 43.Bc7 Nb5
44.Bxe5 Re8 45.a7 Rxe5+ 46.Kf3  1/2-1/2

[Event "II Oliver Gonzalez Memorial"]
[Site "Madrid ESP"]
[Date "2011.10.09"]
[Round "2.1"]
[White "Barajas Fernandez,H"]
[Black "Korneev,O"]
[Result "0-1"]
[WhiteElo "2104"]
[BlackElo "2580"]

1.e4 c5 2.Nf3 e6 3.d4 cxd4 4.Nxd4 Nc6 5.Nc3 Qc7 6.Be2 a6 7.O-O Nf6 8.Be3 Bb4
9.Na4 O-O 10.Nxc6 bxc6 11.Nb6 Rb8 12.Nxc8 Rfxc8 13.Bxa6 Rf8 14.Bd3 Bd6 15.h3 Be5
16.c4 Bxb2 17.Rb1 c5 18.Qc2 Bd4 19.Bxd4 cxd4 20.Rb4 d6 21.Rfb1 Nd7 22.Qb2 e5
23.Rxb8 Rxb8 24.Qc2 Rxb1+ 25.Qxb1 Nc5 26.Be2 g6 27.Bf3 Kg7 28.h4 Qa5 29.h5 Qd2
30.h6+ Qxh6 31.Qb8 Qc1+ 32.Kh2 Qf4+ 33.Kg1 Nxe4 34.a4 d3 35.a5 d2 36.Qb3 Ng5
37.Bd1 Qd4 38.Qe3 Qa1 39.Qxd2 Ne4 40.Qc2 Nc3 41.Kh2 Nxd1 42.a6 Nxf2 43.Qxf2 Qxa6
44.Qc2 Qc6 45.Qb3 Qc5 46.Qb5 e4  0-1

[Event "TCh-SWE 2011-12"]
[Site "Malmo SWE"]
[Date "2011.10.09"]
[Round "3"]
[White "Forsberg,V"]
[Black "Johansson,G1"]
[Result "1-0"]
[WhiteElo "2227"]
[BlackElo "2232"]

1.e4 c5 2.Nf3 Nc6 3.Nc3 e6 4.d4 cxd4 5.Nxd4 Qc7 6.Be3 a6 7.Qd2 Nf6 8.f3 Ne5
9.O-O-O b5 10.Kb1 Bb7 11.g4 b4 12.Na4 d5 13.g5 Nfd7 14.f4 Nc4 15.Bxc4 dxc4
16.f5 c3 17.Qf2 exf5 18.Nxf5 Qc6 19.b3 g6 20.Bd4 f6 21.gxf6 Kf7 22.Rhe1 gxf5
23.Qxf5 h5 24.Rg1 Rh6 25.Be3 Rxf6 26.Qxh5+ Ke7 27.Bg5 Rd8 28.Nc5 Nxc5 29.e5 Rxd1+
30.Rxd1 Ne4 31.Qh7+ Ke8 32.Bxf6 Nd2+ 33.Rxd2 cxd2 34.Qg6+ Kd7 35.Qf7+ Kc8
36.Qxf8+ Kd7 37.Qe7+ Kc8 38.Qd8+  1-0

[Event "TCh-SWE 2011-12"]
[Site "Malmo SWE"]
[Date "2011.10.09"]
[Round "3"]
[White "Mardell,Ji"]
[Black "Bjarnehag,P"]
[Result "1/2-1/2"]
[WhiteElo "2175"]
[BlackElo "2148"]

1.e4 c5 2.Nf3 e6 3.Nc3 Nc6 4.d4 cxd4 5.Nxd4 Nf6 6.Ndb5 d6 7.Bf4 e5 8.Bg5 a6
9.Na3 Be6 10.Nc4 Rc8 11.Ne3 Be7 12.Bxf6 Bxf6 13.Be2 Bg5 14.Ned5 O-O 15.O-O g6
16.Kh1 f5 17.Bd3 Ne7 18.Nxe7+ Bxe7 19.f4 exf4 20.exf5 Bxf5 21.Rxf4 Bxd3 22.Rxf8+ Qxf8
23.Qxd3 Bf6 24.Rf1 Qg7 25.Qxd6 Rf8 26.Na4 Be7 27.Qe6+ Kh8 28.Re1 Qf6 29.Qxf6+ Rxf6
30.g3 Rf7 31.Kg2 Kg7 32.c4 Bf6 33.Re2 Bd4 34.b3 b5 35.cxb5 axb5 36.Nb2 Rc7
37.Nd3 g5 38.Nb4 Bf6 39.Nd5 Rd7 40.Nxf6 Kxf6 41.Kf3 h5 42.a4 bxa4 43.bxa4 Rd3+
44.Re3 Rd2 45.h4 g4+ 46.Kf4 Rf2+ 47.Ke4 Ra2 48.Kd5 Rxa4 49.Re6+  1/2-1/2

[Event "20th TCh-CRO 1b"]
[Site "Sibenik CRO"]
[Date "2011.10.09"]
[Round "6.3"]
[White "Zelenika,S"]
[Black "Tesic,D"]
[Result "1/2-1/2"]
[WhiteElo "2320"]
[BlackElo "2379"]

1.e4 c5 2.Nf3 e6 3.d4 cxd4 4.Nxd4 Nc6 5.Nc3 a6 6.Be2 Qc7 7.O-O Nf6 8.Kh1 Nxd4
9.Qxd4 Bc5 10.Qd3 b5 11.f4 Bb7 12.Bf3 b4 13.Na4 Ba7 14.c4 bxc3 15.Nxc3 d6
16.Rd1 Rd8 17.Be3 Bxe3 18.Qxe3 O-O 19.Rd2  1/2-1/2

[Event "49th ch-IND NatA"]
[Site "Aurangabad IND"]
[Date "2011.10.10"]
[Round "2"]
[White "Padmini,R"]
[Black "Satyapragyan,S"]
[Result "1/2-1/2"]
[WhiteElo "2356"]
[BlackElo "2415"]

1.e4 c5 2.Nf3 e6 3.d4 cxd4 4.Nxd4 Nc6 5.Nc3 d6 6.Bc4 Nf6 7.O-O Be7 8.Bb3 O-O
9.Kh1 a6 10.f4 Nxd4 11.Qxd4 b5 12.a3 Rb8 13.Be3 a5 14.f5 b4 15.axb4 axb4
16.Ne2 e5 17.Qd3 Bb7 18.Ng3 d5 19.exd5 Bxd5 20.Rfd1 Bxb3 21.Qxb3 Ra8 22.Rac1 Qc7
23.c3 bxc3 24.Rxc3 Qb8 25.h3 Qxb3 26.Rxb3 Rfb8 27.Rxb8+ Rxb8 28.Rd2 Rb3 29.Bf2 h5
30.Re2 Bd6 31.Nf1 Bc7 32.Bg3 Kh7 33.Bxe5 Bxe5 34.Rxe5 Rxb2 35.Ng3 Rb7 36.Ne4 Nxe4
37.Rxe4 Rb1+ 38.Kh2 Rf1 39.Re5 h4 40.Re4  1/2-1/2

[Event "Mitropa Cup"]
[Site "Merlimont FRA"]
[Date "2011.10.10"]
[Round "3"]
[White "Milliet,S"]
[Black "Gallagher,Jo"]
[Result "1/2-1/2"]
[WhiteElo "2374"]
[BlackElo "2510"]

1.e4 c5 2.Nf3 e6 3.Nc3 Nc6 4.d4 cxd4 5.Nxd4 d6 6.Be3 Nf6 7.f4 Be7 8.Qf3 e5
9.Nxc6 bxc6 10.f5 Qa5 11.O-O-O Rb8 12.Bf2 d5 13.exd5 cxd5 14.Nxd5 Qxa2 15.Bb5+ Kf8
16.Nxe7 Qa1+ 17.Kd2 Qa5+ 18.Kc1 Qa1+ 19.Kd2 Qa5+ 20.Kc1  1/2-1/2

[Event "12th Karpov Int"]
[Site "Poikovsky RUS"]
[Date "2011.10.10"]
[Round "6"]
[White "Caruana,F"]
[Black "Rublevsky,S"]
[Result "1-0"]
[WhiteElo "2712"]
[BlackElo "2681"]

1.e4 c5 2.Nf3 e6 3.d4 cxd4 4.Nxd4 Nc6 5.Nc3 a6 6.Nxc6 bxc6 7.Bd3 d5 8.O-O Qc7
9.Re1 Bb7 10.Bg5 h6 11.Bh4 Bd6 12.Bg3 Bxg3 13.hxg3 Nf6 14.Qf3 O-O 15.Qf4 e5
16.Qf3 Rfe8 17.Qe2 Nd7 18.Na4 Qa5 19.b3 Nb6 20.Nxb6 Qxb6 21.Qh5 Qc7 22.Re3 Re6
23.Rae1 Rae8 24.g4 Qd6 25.Rg3 Rg6 26.g5 Rxg5 27.Rxg5 hxg5 28.Qxg5 Re6 29.Re3 Rg6
30.Qf5 Rf6 31.Qg4 Rg6 32.Qe2 d4 33.Rf3 c5 34.Bc4 Rf6 35.Rh3 Bc8 36.Rh2 Be6
37.Bxa6 Bxb3 38.Qb5 Qd8 39.axb3 Qa8 40.Bb7 Qa1+ 41.Qf1 Qc3 42.Rh3 Qxc2 43.Bd5 g6
44.Rd3 Kg7 45.Bc4 Rf4 46.Qe1 Rh4 47.g3 Rh5 48.Qd1 Qb2 49.Qf3 f5 50.Rd1 Qc2
51.Qd3 Qa2 52.Qe2 Qa8 53.Bd5 Qd8 54.Ra1 f4 55.Qg4  1-0

[Event "49th ch-IND NatA"]
[Site "Aurangabad IND"]
[Date "2011.10.11"]
[Round "3"]
[White "Narayanan,Sri"]
[Black "Swapnil,SD"]
[Result "0-1"]
[WhiteElo "2336"]
[BlackElo "2411"]

1.e4 c5 2.Nf3 e6 3.d4 cxd4 4.Nxd4 Nc6 5.Nc3 Qc7 6.Be2 a6 7.O-O Nf6 8.Be3 Bb4
9.Na4 O-O 10.Nxc6 bxc6 11.f4 Be7 12.Bd3 d6 13.c4 Nd7 14.Qc2 Re8 15.c5 dxc5
16.e5 g6 17.Nc3 c4 18.Bxc4 c5 19.Bd3 Bb7 20.Be4 c4 21.Bxb7 Qxb7 22.Ne4 Rac8
23.Nd2 Nb6 24.Bxb6 Qxb6+ 25.Kh1 Qb5 26.Rac1 Qa5 27.Ra1 c3 28.Ne4 cxb2 29.Qxb2 Rc4
30.Nd6 Bxd6 31.exd6 Rd8 32.Rad1 Rc6 33.Qe5 Qb6 34.Rb1 Qa7 35.Rfd1 Qd7 36.h3 Rxd6
37.Qxd6 Qxd6 38.Rxd6 Rxd6 39.Rb4 h5 40.Kh2 Kg7 41.Ra4 h4 42.f5 gxf5 43.Rxh4 e5
44.Ra4 f4 45.Kg1 f5 46.Kf2 Kg6 47.Ke2 Kg5 48.Ra5 e4 49.a4 Rb6 50.h4+ Kg4
51.h5 Rf6 52.Re5 Kxh5 53.a5 Kg4 54.Re8 Rg6 55.Rf8 Rg5 56.Rf6 Kg3 57.Kf1 f3
58.Rxa6 fxg2+ 59.Kg1 Kf3 60.Rh6 e3 61.Rh3+ Ke4 62.Rh8 f4 63.a6 f3  0-1

[Event "TCh-ROU Superliga w 2011"]
[Site "Brasov ROU"]
[Date "2011.10.11"]
[Round "4.3"]
[White "Melia,S"]
[Black "Cramling,P"]
[Result "1/2-1/2"]
[WhiteElo "2396"]
[BlackElo "2489"]

1.e4 c5 2.Nf3 e6 3.d4 cxd4 4.Nxd4 Nc6 5.Nc3 Qc7 6.Be3 Nf6 7.f4 Bb4 8.Nb5 Qa5
9.e5 Nd5 10.Bd2 Nxc3 11.Nxc3 d5 12.exd6 Bxd6 13.Nb5 Bb4 14.a3 Bxd2+ 15.Qxd2 Qxd2+
16.Kxd2 Ke7 17.Re1  1/2-1/2

[Event "II Oliver Gonzalez Memorial"]
[Site "Madrid ESP"]
[Date "2011.10.11"]
[Round "4.13"]
[White "Cerrato Torrijos,M"]
[Black "Khamrakulov,I"]
[Result "0-1"]
[WhiteElo "2097"]
[BlackElo "2504"]

1.e4 c5 2.Nf3 e6 3.Nc3 Nc6 4.d4 cxd4 5.Nxd4 Qc7 6.Be2 Nf6 7.O-O a6 8.Be3 b5
9.Nxc6 dxc6 10.f4 b4 11.Na4 Nxe4 12.Bf3 Nd6 13.Bb6 Qb7 14.Qd4 Bd7 15.Rad1 Nf5
16.Qe5 Be7 17.g4 f6 18.Qa5 Nd6 19.Nc5 Qc8 20.Qa4 Rb8 21.Nxd7 Kxd7 22.Bc5 Qb7
23.Rd4 Qb5 24.Qxb5 Rxb5 25.Bxd6 Bxd6 26.Rfd1 Rd5 27.Bxd5 exd5 28.Kg2 h5 29.h3 a5
30.Kf3 hxg4+ 31.hxg4 Rh3+ 32.Kg2 Rh4 33.Kf3 g5 34.fxg5 fxg5 35.Re1 Rh3+ 36.Ke2 Be5
37.Rd3 Rh2+ 38.Kd1 Bxb2 39.Rf3 Bc3 40.Ref1 Rd2+ 41.Kc1 Rg2 42.Rh3 Rxg4 43.Rh6 Kc7
44.Kd1 Rd4+ 45.Kc1 Bd2+ 46.Kb1 Rg4 47.Rg6 a4 48.a3 bxa3 49.Rff6 Rb4+ 50.Ka2 Rc4
51.Kxa3 Bc1+ 52.Ka2 Rxc2+ 53.Kb1 Rc4 54.Rf7+ Kb6 55.Rg8 Bf4 56.Ra8 g4 57.Raf8 Be5
58.Re8 Rf4 59.Rfe7 g3  0-1

[Event "Mitropa Cup Women"]
[Site "Merlimont FRA"]
[Date "2011.10.12"]
[Round "6"]
[White "Motycakova,M"]
[Black "Bea,B"]
[Result "0-1"]
[WhiteElo "2102"]
[BlackElo "2113"]

1.e4 c5 2.Nf3 e6 3.d4 cxd4 4.Nxd4 Nc6 5.Nc3 Qc7 6.f4 a6 7.Nf3 d6 8.Bd3 Nf6
9.O-O Be7 10.a3 O-O 11.Qe1 b5 12.b4 Bb7 13.e5 dxe5 14.fxe5 Nd7 15.Bf4 Rac8
16.Qg3 Ncxe5 17.Nxe5 Qxc3 18.Nxd7 Qd4+ 19.Kh1 Qxd7 20.Bh6 Qd4 21.Rad1 Qc3
22.Bd2 Qc6 23.Bf4 f5 24.Rfe1 Bh4 25.Qh3 Bxe1 26.Rxe1 Rf6 27.Re2 Rg6 28.Rf2 Qc3
29.Qe3 Qxa3 30.h4 Bd5 31.Bd6 Rg4 32.Qh3 Qc1+ 33.Kh2 Qe1 34.Rf1 Qxh4 35.Qxh4 Rxh4+
36.Kg1 Rg4 37.Rf2 Rc3 38.Be2 Rg6 39.Bd3 Ra3 40.Be5 Rg4  0-1

[Event "20th TCh-CRO 1a"]
[Site "Sibenik CRO"]
[Date "2011.10.12"]
[Round "9.4"]
[White "Bologan,V"]
[Black "Movsesian,S"]
[Result "1/2-1/2"]
[WhiteElo "2656"]
[BlackElo "2715"]

1.e4 c5 2.Nf3 e6 3.d4 cxd4 4.Nxd4 Nc6 5.Nc3 Qc7 6.Be2 a6 7.O-O Nf6 8.Be3 Be7
9.f4 d6 10.Kh1 O-O 11.Qe1 Nxd4 12.Bxd4 b5 13.a3 Bb7 14.Qg3  1/2-1/2

[Event "20th TCh-CRO 1a"]
[Site "Sibenik CRO"]
[Date "2011.10.12"]
[Round "9.3"]
[White "Filippov,An UZB"]
[Black "Hracek,Z"]
[Result "1/2-1/2"]
[WhiteElo "2606"]
[BlackElo "2624"]

1.e4 c5 2.Nf3 e6 3.d4 cxd4 4.Nxd4 Nc6 5.Nc3 Qc7 6.Be3 a6 7.Be2 Nf6 8.O-O Be7
9.f4 d6 10.Kh1 O-O 11.a4 Re8 12.Bf3 Rb8 13.Qd2 Na5 14.Qf2 Nc4 15.Bc1 e5 16.Nde2 exf4
17.Nxf4 Be6 18.Be2 Ne5 19.Bd3 Rbc8 20.Qg3 Qc5 21.a5 Bd8 22.Be3 Qc7 23.Bd4 Qe7
24.b4 Nfd7 25.b5 axb5 26.Nxb5 g6 27.a6 bxa6 28.Rxa6 Rc6 29.Ra7 Rf8 30.Nd5 Qg5
31.Qxg5 Bxg5 32.Nb4 Rc4 33.Rb1  1/2-1/2

[Event "TCh-ROU Superliga w 2011"]
[Site "Brasov ROU"]
[Date "2011.10.13"]
[Round "6.4"]
[White "Muzychuk,A"]
[Black "Cramling,P"]
[Result "1/2-1/2"]
[WhiteElo "2545"]
[BlackElo "2489"]

1.e4 c5 2.Nf3 e6 3.d4 cxd4 4.Nxd4 Nc6 5.Nc3 Qc7 6.Be3 Nf6 7.f4 Bb4 8.Nb5 Qa5
9.e5 Nd5 10.Bd2 Nxc3 11.Bxc3 O-O 12.Qd2 Bxc3 13.Nxc3 f6 14.exf6 Rxf6 15.O-O-O d5
16.Kb1 Rb8 17.Bd3 b5 18.Rhe1 b4 19.Ne2 Qc5 20.Ng1 Bd7 21.Nf3 a5 22.g3 a4
23.Qe3 Qa5 24.Ne5 Nxe5 25.Qxe5 Rc8 26.Qd6 Rf7 27.f5 Rc6 28.Qb8+ Rc8 29.Qd6 Rc6
30.Qb8+ Rc8 31.Qd6  1/2-1/2

[Event "III Curitiba ITT"]
[Site "Curitiba BRA"]
[Date "2011.10.13"]
[Round "1"]
[White "Santiago,Y"]
[Black "Choma,E"]
[Result "1-0"]
[WhiteElo "2314"]
[BlackElo "2350"]

1.e4 c5 2.Nc3 e6 3.Nf3 Nc6 4.d4 cxd4 5.Nxd4 Nf6 6.Nxc6 bxc6 7.e5 Nd5 8.Ne4 Qc7
9.f4 Qb6 10.c4 Bb4+ 11.Ke2 f5 12.Nf2 Ba6 13.Kf3 Ne7 14.Be3 Bc5 15.Bxc5 Qxc5
16.Qd6 Qb6 17.b3 c5 18.Rd1 Rd8 19.Nd3 Rc8 20.Nc1 Rd8 21.Nd3 Rc8 22.Nb2 Bb7+
23.Kf2 Qxd6 24.Rxd6 g5 25.Be2 g4 26.Na4 Ng6 27.Rhd1 Rc7 28.g3 h5 29.Nxc5 Rxc5
30.Rxd7 Bc8 31.Rxa7 h4 32.b4 hxg3+ 33.hxg3 Rh2+ 34.Ke3 Rxe2+ 35.Kxe2 Rxc4
36.b5 Rc2+ 37.Rd2 Rc1 38.b6 Rb1 39.Rc2 Kd8 40.Ra8 Ne7 41.Rb8  1-0

[Event "ch-UKR w 2011"]
[Site "Poltava UKR"]
[Date "2011.10.13"]
[Round "7.5"]
[White "Kalinina,O"]
[Black "Vasilevich,T"]
[Result "1/2-1/2"]
[WhiteElo "2288"]
[BlackElo "2423"]

1.e4 c5 2.Nf3 e6 3.d4 cxd4 4.Nxd4 Nc6 5.Nc3 Qc7 6.Be2 a6 7.Be3 Nf6 8.O-O Be7
9.f4 d6 10.Qe1 O-O 11.Qg3 Bd7 12.e5 Nxd4 13.Bxd4 dxe5 14.fxe5 Bc5 15.Bxc5 Qxc5+
16.Kh1 Ne8 17.Ne4 Qc7 18.Bd3 f5 19.exf6 Qxg3 20.hxg3 gxf6 21.Nc5 Bc8 22.Bc4 Nc7
23.Rad1 b6 24.Nd7 Bxd7 25.Rxd7 Rac8 26.c3 b5 27.Bb3 Rf7 28.Rd6 Re8 29.a4 Rb8
30.Rxe6 Nxe6 31.Bxe6 Kg7 32.Bxf7 Kxf7 33.axb5 axb5 34.Rf5 b4 35.c4 b3 36.Kh2 Ke6
37.Rf3 Rc8 38.Rc3 Rc5 39.Kh3 Ke5 40.g4 Kd4 41.Rxb3 Rxc4 42.Rb5 Rc2 43.Kg3 Ke4
44.Kh3 Rd2 45.g3 Ke3 46.Rb8 Kf2 47.Rb5 Kg1 48.g5 fxg5 49.Kg4 h6 50.Rb3 Kg2
51.Kh5 Rd6 52.g4 Re6 53.Rc3 Rb6 54.Rc8 Kg3 55.Rc3+ Kg2 56.Rd3 Kf2 57.Rc3 Kg2
58.Rd3 Kf2 59.b3 Kg2 60.Rc3 Kf2 61.Rc2+ Kg3 62.Rb2 Rb4 63.Rb1 Kh3 64.Rh1+ Kg2
65.Rb1 Kh3 66.Rh1+ Kg2 67.Rc1 Rb6 68.Rc2+ Kg3 69.Rc1 Kg2 70.Rc4 Kf3 71.Rd4 Kg3
72.Rd3+ Kf4 73.Rc3 Ke4 74.Rh3 Kf4 75.Rc3 Ke4 76.Rc1 Kf4 77.Rf1+ Kg3 78.Rg1+ Kf4
79.b4 Kf3 80.b5 Kf4 81.Rb1 Kf3 82.Rb4 Kg3 83.Rb2 Kf3 84.Rb3+ Kf4 85.Rb4+ Kf3
86.Rc4 Kg3 87.Rc5 Kf4 88.Rc4+ Kg3 89.Rb4 Kf3 90.Rb2 Kg3 91.Rb1 Kf3 92.Rf1+ Kg2
93.Ra1 Kg3 94.Ra3+ Kf4 95.Ra6 Rxb5 96.Rxh6 Rb8 97.Rf6+ Kg3 98.Rg6 Kf4 99.Rf6+ Kg3
100.Ra6 Rh8+ 101.Kxg5 Rg8+ 102.Kh5 Rh8+ 103.Kg5  1/2-1/2

[Event "TCh-ROU Superliga 2011"]
[Site "Brasov ROU"]
[Date "2011.10.14"]
[Round "7.5"]
[White "Volokitin,And"]
[Black "Filip,L"]
[Result "1-0"]
[WhiteElo "2686"]
[BlackElo "2483"]

1.e4 c5 2.Nf3 e6 3.d4 cxd4 4.Nxd4 Nc6 5.Nc3 Qc7 6.Be3 Nf6 7.f4 Nxd4 8.Qxd4 b6
9.e5 Ng4 10.Bg1 Bc5 11.Nb5 Qc6 12.Qd2 Qe4+ 13.Be2 Qxg2 14.O-O-O Be7 15.Bxg4 Qxh1
16.Qd3 Bb7 17.Nc7+ Kf8 18.Nxa8 Bxa8 19.Qxd7 Qc6 20.Qxa7 g5 21.Rd7 Qe4 22.b3 h5
23.Rxe7 Qxf4+ 24.Kb2 hxg4 25.Qxa8+ Kg7 26.Qa4 g3 27.hxg3  1-0

[Event "Mitropa Cup"]
[Site "Merlimont FRA"]
[Date "2011.10.14"]
[Round "7.1"]
[White "Kurmann,O"]
[Black "Brunello,S"]
[Result "1-0"]
[WhiteElo "2439"]
[BlackElo "2569"]

1.e4 c5 2.Nf3 e6 3.d4 cxd4 4.Nxd4 Nc6 5.Nc3 Qc7 6.Be3 a6 7.Qd2 Nf6 8.O-O-O Be7
9.f3 b5 10.g4 O-O 11.g5 Nh5 12.Kb1 Ne5 13.f4 Nc4 14.Bxc4 bxc4 15.Nf5 Bc5
16.Bxc5 Qxc5 17.Ng3 Nxg3 18.hxg3 Rb8 19.Ka1 f6 20.Qh2 fxg5 21.Qxh7+ Kf7 22.f5 Qe5
23.fxe6+ Ke8 24.exd7+ Bxd7 25.Qg6+ Kd8 26.Rxd7+ Kxd7 27.Rd1+ Kc8 28.Qc6+ Qc7
29.Qe6+ Kb7 30.Rd7 Rf1+ 31.Nb1  1-0

[Event "Schachbundesliga 2011-12"]
[Site "Muelheim GER"]
[Date "2011.10.14"]
[Round "1"]
[White "Fruebing,S"]
[Black "Gauglitz,G"]
[Result "1-0"]
[WhiteElo "2373"]
[BlackElo "2406"]

1.e4 c5 2.Nf3 Nc6 3.Nc3 e6 4.d4 cxd4 5.Nxd4 Nf6 6.Nxc6 bxc6 7.e5 Nd5 8.Ne4 Qc7
9.f4 Qb6 10.c4 Bb4+ 11.Ke2 f5 12.Nf2 Ba6 13.Kf3 Ne7 14.Be3 c5 15.a3 Ba5 16.b4 Qb7+
17.Kg3 Bc7 18.Bxc5 Ng6 19.Bd6 Rc8 20.b5 Bxd6 21.Qxd6 Bxb5 22.cxb5 Rc3+ 23.Bd3 Nxf4
24.Kxf4 Qxg2 25.Raf1 Rb3 26.h4 Rg8 27.Rhg1 Qh2+ 28.Kf3 Qxh4 29.Rc1 Qh5+ 30.Ke3 Qh6+
31.Kf3 Qh5+ 32.Ke3 Qh6+ 33.Kd4 Qf4+ 34.Ne4 Rxd3+ 35.Kxd3 fxe4+ 36.Kc3 Rf8
37.Kb4  1-0

[Event "Chigorin Memorial Open"]
[Site "St Petersburg RUS"]
[Date "2011.10.14"]
[Round "1.63"]
[White "Androsov,S"]
[Black "Mozharov,M"]
[Result "0-1"]
[WhiteElo "2088"]
[BlackElo "2459"]

1.e4 c5 2.Nf3 e6 3.d4 cxd4 4.Nxd4 Nc6 5.Nc3 Qc7 6.Be2 Nf6 7.O-O Be7 8.Be3 O-O
9.f4 d6 10.Qe1 a6 11.Qg3 Nxd4 12.Bxd4 b5 13.a3 Bb7 14.Bd3 Rad8 15.Kh1 Bc6
16.Rae1 Qb7 17.Bxf6 Bxf6 18.e5 dxe5 19.fxe5 Be7 20.Ne4 Bxe4 21.Rxe4 g6 22.h4 Qc7
23.Qe3 Bc5 24.Qh6 Rd4 25.Rxd4 Bxd4 26.h5 Qxe5 27.hxg6 hxg6 28.b3 Qg7 29.Qxg7+ Kxg7
30.g4 f5 31.Kg2 Kf6 32.a4 bxa4 33.bxa4 a5 34.Rb1 e5 35.Rb5 e4 36.g5+ Ke7
37.Bc4 f4 38.Bd5 f3+  0-1

[Event "Mitropa Cup Women"]
[Site "Merlimont FRA"]
[Date "2011.10.15"]
[Round "9.4"]
[White "Zimina,O"]
[Black "Bea,B"]
[Result "1-0"]
[WhiteElo "2337"]
[BlackElo "2113"]

1.e4 c5 2.Nf3 e6 3.d4 cxd4 4.Nxd4 Nc6 5.Nc3 Qc7 6.g3 a6 7.Bg2 d6 8.O-O Bd7
9.Nxc6 Bxc6 10.a4 b6 11.Be3 Nf6 12.Qd4 Rb8 13.Rfd1 Be7 14.h3 O-O 15.Qd3 Qb7
16.b4 Qc8 17.b5 axb5 18.axb5 Ba8 19.Ra7 Nd7 20.Bd4 Rd8 21.Na4 Nc5 22.Bxc5 dxc5
23.Rd7 Rxd7 24.Qxd7 Qxd7 25.Rxd7 Bd8 26.e5 Bxg2 27.Kxg2 Kf8 28.Nb2 Rc8 29.Nc4 Bc7
30.Nd6 Bxd6 31.exd6 Rb8 32.Kf3 Ke8 33.Re7+ Kf8 34.Ke4 Re8 35.Rb7 f6 36.Rxb6 Rd8
37.Rc6 Ke8 38.Kd3 Kd7 39.Kc4 Ra8 40.Kxc5  1-0

[Event "Chigorin Memorial Open"]
[Site "St Petersburg RUS"]
[Date "2011.10.15"]
[Round "2.113"]
[White "Menkov,Aleksandr"]
[Black "Kokhnover,Ilya"]
[Result "1-0"]
[WhiteElo "2152"]
[BlackElo "1821"]

1.e4 c5 2.Nf3 e6 3.d4 cxd4 4.Nxd4 Nc6 5.Nc3 Qc7 6.Be3 a6 7.Be2 Nf6 8.O-O Bb4
9.Na4 O-O 10.Nxc6 bxc6 11.Nb6 Rb8 12.Nxc8 Qxc8 13.Bf4 Rb6 14.Bd3 Re8 15.e5 Nd5
16.Bg3 f5 17.c4 Nc7 18.Qe2 Rf8 19.f4 Be7 20.Rad1 Qb7 21.b3 Bb4 22.Bf2 c5
23.Qb2 Rc6 24.Be2 Qc8 25.Bf3 Rb6 26.a3 Ne8 27.axb4 Rxb4 28.Rd3 Rf7 29.Rfd1 a5
30.Be1 Rb8 31.Qa3 d5 32.exd6 Nf6 33.Bxa5 Ra7 34.Qa4 Rb4 35.d7 Nxd7 36.Qc6 Qxc6
37.Bxc6 Rxa5 38.Bxd7 Rb6 39.Re1 Kf7 40.Rde3 Raa6 41.Bc8 Ra3 42.Bxe6+ Kf6
43.Bd5 g6 44.Re7  1-0

[Event "49th ch-IND NatA"]
[Site "Aurangabad IND"]
[Date "2011.10.16"]
[Round "8"]
[White "Saptarshi,R"]
[Black "Ashwin,J"]
[Result "0-1"]
[WhiteElo "2385"]
[BlackElo "2473"]

1.e4 c5 2.Nf3 e6 3.d4 cxd4 4.Nxd4 Nc6 5.Nc3 Qc7 6.g3 a6 7.Bg2 d6 8.O-O Nf6
9.a4 Be7 10.Nb3 b6 11.f4 Rb8 12.Qe2 O-O 13.g4 Re8 14.g5 Nd7 15.Be3 Bf8 16.Rf3 Nb4
17.Rh3 g6 18.f5 exf5 19.exf5 Bb7 20.Bxb7 Qxb7 21.Qc4 Rxe3 22.Rxe3 Nxc2 23.Rh3 Nxa1
24.Nd5 b5 25.Qh4 h5 26.Qe4 Nxb3 27.fxg6 Qa7+ 28.Kh1 Qd4 29.Qf3 fxg6 30.Qxb3 Kh8
31.Nf6 Nxf6 32.gxf6 Qxf6 33.Rf3 bxa4 34.Qd5 Qe5  0-1

[Event "TCh-ROU Superliga 2011"]
[Site "Brasov ROU"]
[Date "2011.10.16"]
[Round "9.5"]
[White "Manole,S"]
[Black "Dragomirescu,R"]
[Result "0-1"]
[WhiteElo "2052"]
[BlackElo "2353"]

1.e4 c5 2.Nf3 e6 3.d4 cxd4 4.Nxd4 Nc6 5.Nc3 Qc7 6.g3 a6 7.Bg2 d6 8.O-O Bd7
9.Be3 Be7 10.Kh1 Nf6 11.f4 h5 12.h3 Rc8 13.Qe2 b5 14.a3 Nxd4 15.Bxd4 e5 16.Be3 Qc4
17.Qd3 a5 18.Rac1 b4 19.axb4 axb4 20.Nd5 Nxd5 21.Qxd5 O-O 22.Qd1 Bc6 23.fxe5 dxe5
24.Qxh5 Bxe4 25.Qxe5 Bxg2+ 26.Kxg2 Bf6 27.Qf4 Bxb2 28.Rb1 Qxf4 29.Bxf4 Rxc2+
30.Rf2 Rxf2+ 31.Kxf2 Bc3 32.Bd6 Rd8 33.Bxb4 Rb8 34.Bxc3 Rxb1 35.Bd4 f6 36.Kf3 Kf7
37.h4 Rb3+ 38.Be3 Ke6 39.h5 Ke5  0-1

[Event "TCh-FIN SM-Liiga 2011-12"]
[Site "Espoo FIN"]
[Date "2011.10.16"]
[Round "4.4"]
[White "Maki Uuro,Mi"]
[Black "Issakainen,A"]
[Result "1/2-1/2"]
[WhiteElo "2323"]
[BlackElo "2267"]

1.e4 c5 2.Nf3 e6 3.d4 cxd4 4.Nxd4 Nc6 5.Nc3 Qc7 6.Be3 a6 7.Qd2 Nf6 8.O-O-O Bb4
9.f3 Ne5 10.Nb3 b5 11.Qe1 Be7 12.f4 Neg4 13.e5 Nh5 14.Ne4 O-O 15.Bc5 Bxc5
16.Nexc5 f5 17.g3 g6 18.h3 Nh6 19.Be2 Ng7 20.Bf3 Ra7 21.Qa5 Nf7 22.Rd2 Rd8
23.Rhd1 Kf8 24.Qb4 Kg8 25.Na5 Ne8 26.a3 Qb6 27.Kb1 Rc7 28.Ncb3 d5 29.g4 Qe3
30.Rd3 Qf2 31.Nd4 Ng7 32.Nab3 Bd7 33.gxf5 Nxf5 34.Nxf5 gxf5 35.Bh5 Be8 36.R3d2 Qg3
37.Rd3 Qf2 38.R1d2 Qg1+ 39.Ka2 Nh6 40.Qa5 Qa7 41.Rc3 Rcc8 42.Rg3+ Kh8 43.Bxe8 Rxe8
44.Rdg2 Rc4 45.Rg7 Qxg7 46.Rxg7 Kxg7 47.Qxa6 Rxf4 48.Qxb5 Re7 49.a4 Nf7 50.a5 Nxe5
51.a6 Rc4 52.c3 f4 53.Na5 Rcc7 54.Qe2 Kf6 55.Qh5 Rg7 56.Qh4+ Kf5 57.Nb7 Rc6
58.Qh5+ Kf6 59.Qh4+ Kg6 60.Qxf4 Rxa6+ 61.Kb1 Rxb7 62.Qxe5 Rf7 63.Qg3+ Kf6
64.Qf4+ Kg7 65.Qg5+ Kf8 66.Qd8+ Kg7 67.Qg5+  1/2-1/2

[Event "5th SPICE Cup GpC"]
[Site "Lubbock USA"]
[Date "2011.10.16"]
[Round "3"]
[White "Herman,Ma"]
[Black "Diamant,A"]
[Result "0-1"]
[WhiteElo "2414"]
[BlackElo "2505"]

1.e4 c5 2.Nf3 e6 3.d4 cxd4 4.Nxd4 Nc6 5.Nc3 Qc7 6.Be3 Nf6 7.f3 a6 8.Qd2 Be7
9.O-O-O O-O 10.g4 Rd8 11.g5 Ne8 12.Kb1 b5 13.h4 Bb7 14.h5 b4 15.Na4 d5 16.g6 dxe4
17.h6 hxg6 18.hxg7 Nxg7 19.fxe4 Nxd4 20.Bd3 Qe5 21.Bf4 Qa5 22.Bc7 Qxc7 23.Qh6 Nh5
24.Rxh5 Bf6 25.Rf1 Qg3 26.e5 Bg7 27.Qh7+ Kf8 28.Rh3 Qg5 29.Nc5 Bg2 30.Ne4 Qxe5
31.Rxf7+ Kxf7 32.Nd6+ Rxd6 33.Qxg6+ Ke7 34.Re3 Qxe3 35.Qxg7+ Kd8 36.Qf8+ Kc7
37.Qe7+ Kc6  0-1

[Event "II Oliver Gonzalez Memorial"]
[Site "Madrid ESP"]
[Date "2011.10.16"]
[Round "9.8"]
[White "Hunt,A"]
[Black "Valles Moreno,I"]
[Result "1-0"]
[WhiteElo "2437"]
[BlackElo "2394"]

1.e4 c5 2.Nf3 e6 3.d4 cxd4 4.Nxd4 Nc6 5.Nc3 Qc7 6.Be3 a6 7.a3 b5 8.Be2 Bb7
9.O-O Rc8 10.Nxc6 Qxc6 11.Bf3 Qc7 12.g3 Bd6 13.Bg2 Nf6 14.Bd4 e5 15.Be3 h6
16.Qd3 O-O 17.Rfd1 Be7 18.h3 Rfd8 19.Rd2 Qa5 20.Nd5 Nxd5 21.exd5 d6 22.b4 Qc7
23.a4 Bf6 24.Be4 Qc4 25.axb5 axb5 26.Ra7 Ba8 27.Bb6 Rf8 28.Bh7+ Kh8 29.Bf5 Bg5
30.Bxc8 Bxd2 31.Qxc4 bxc4 32.Rxa8 Bxb4 33.Bb7 Rxa8 34.Bxa8 f5 35.Bc6 g6 36.Bb5 c3
37.Kf1 Kg7 38.Ke2 e4 39.Ke3 g5 40.Bd7 Kg6 41.g4  1-0

[Event "Mitropa Cup"]
[Site "Merlimont FRA"]
[Date "2011.10.16"]
[Round "9.2"]
[White "Kanovsky,D"]
[Black "Milliet,S"]
[Result "1-0"]
[WhiteElo "2462"]
[BlackElo "2374"]

1.e4 c5 2.Nf3 e6 3.d4 cxd4 4.Nxd4 Nc6 5.Nc3 Qc7 6.g3 a6 7.Bg2 Nf6 8.O-O Nxd4
9.Qxd4 Bc5 10.Bf4 d6 11.Qd3 Nd7 12.Na4 e5 13.Bd2 Bd4 14.c3 Ba7 15.c4 Nc5
16.Nxc5 Bxc5 17.Rac1 Be6 18.Kh1 Bd4 19.b3 O-O 20.f4 f6 21.f5 Bf7 22.g4 b5
23.cxb5 Qb7 24.g5 fxg5 25.Bxg5 axb5 26.Qg3 Kh8 27.Qh4 Rfc8 28.f6 Rxc1 29.Rxc1 Rxa2
30.fxg7+ Kg8 31.Bh6 Bb6 32.Bh3 Ra8 33.Bf5 Bg6 34.Be6+ Bf7 35.Bf5 Bxb3 36.Be3 Qxg7
37.Bxb6 Bf7  1-0